LEADER 00991nam a22002651i 4500 001 991003555559707536 005 20030904102447.0 008 031111s1970 gw |||||||||||||||||ger 020 $a340602212X 035 $ab12442549-39ule_inst 035 $aARCHE-047583$9ExL 040 $aDip.to Lingue$bita$cA.t.i. Arché s.c.r.l. Pandora Sicilia s.r.l. 082 04$a936.3 100 1 $aSchmidt, Ludwig$0200491 245 14$aDie Westgermanen /$cvon Ludwig Schmidt ; untermitwirkung von Hans Zeiss 260 $aMünchen :$bBeck,$c1970 300 $a451 p. ;$c25 cm 440 0$aGeschichte der deutschen Stämme bis zum Ausgang der Völkerwanderung ;$v2 651 4$aGermania antica$xStoria 907 $a.b12442549$b02-04-14$c13-11-03 912 $a991003555559707536 945 $aLE012 F.G. 987$g1$i2012000065192$lle012$o-$pE0.00$q-$rl$s- $t0$u0$v0$w0$x0$y.i12868851$z13-11-03 996 $aWestgermanen$9166260 997 $aUNISALENTO 998 $ale012$b13-11-03$cm$da $e-$fger$ggw $h4$i1